000 004530000a22001810004500
003 MACL
005 20160122153541.0
008 160122b xxu||||| |||| 00| 0 eng d
040 _aMACL
_cMACL
041 _aEnglish
082 _a420/CHO
100 _aChopra, Dr Ravi
_923074
245 _aObjective Type English
260 _bArchna Publications P Ltd
_c1996
_aNew Delhi
350 _a75
650 _aOld English
_934122
942 _cBK
_k420/CHO
_2ddc
999 _c33090
_d33090